Koniec začiatku formovania nového Ruska

Proces hľadania novej identity Ruska. Fázy obnovy Ruska. Úloha integrácie. Problémy ruskej zahraničnej politiky.

Enregistré dans:
Détails bibliographiques
Auteur principal: Talbot, Strobe
Format: Chapitre de livre
Langue:slovaque
Sujets:
Tags: Ajouter un tag
Pas de tags, Soyez le premier à ajouter un tag!

MARC

LEADER 00000naa a2200000 4500
001 r033872
005 20230606081854.5
041 0 |a slo 
044 |a SK 
245 1 0 |a Koniec začiatku formovania nového Ruska  |c Strobe Talbot 
520 |a Proces hľadania novej identity Ruska. Fázy obnovy Ruska. Úloha integrácie. Problémy ruskej zahraničnej politiky. 
610 2 0 |a vývoj spoločenský 
610 2 0 |a reformy hospodárske 
610 2 0 |a reformy sociálne 
610 2 0 |a politika 
610 2 0 |a integrácia 
610 2 0 |a diplomacia 
610 2 0 |a Rusko 
100 1 |a Talbot, Strobe